Developments in Hydraulic Conductivity Research (E-Book0 (Record no. 192437)

000 -LEADER
fixed length control field 00373 a2200133 4500
003 - CONTROL NUMBER IDENTIFIER
control field Nust
005 - DATE AND TIME OF LATEST TRANSACTION
control field 20170207154037.0
040 ## - CATALOGING SOURCE
Transcribing agency Nust
100 ## - MAIN ENTRY--PERSONAL NAME
Personal name Oagile Dikinya
245 ## - TITLE STATEMENT
Title Developments in Hydraulic Conductivity Research (E-Book0
Statement of responsibility, etc. Oagile Dikinya
260 ## - PUBLICATION, DISTRIBUTION, ETC.
Place of publication, distribution, etc. India
Name of publisher, distributor, etc. Published by Sciyo Janeza Trdine 9, 51000 Rijeka, Croatia
Date of publication, distribution, etc. 2011
300 ## - PHYSICAL DESCRIPTION
Extent vi,270.p
651 ## - SUBJECT ADDED ENTRY--GEOGRAPHIC NAME
Geographic name E-Book
942 ## - ADDED ENTRY ELEMENTS (KOHA)
Source of classification or shelving scheme
Koha item type Book
Holdings
Withdrawn status Lost status Source of classification or shelving scheme Damaged status Not for loan Collection code Permanent Location Current Location Date acquired Total Checkouts Barcode Date last seen Price effective from Koha item type
            Military College of Signals (MCS) Military College of Signals (MCS) 12/12/2016   MCSEB-1639 12/08/2016 12/12/2016 Book
© 2023 Central Library, National University of Sciences and Technology. All Rights Reserved.